| 000 | 00894nam a2200277 4500 | ||
|---|---|---|---|
| 999 |
_c23444 _d23444 |
||
| 001 | vtls012143325 | ||
| 005 | 20221011073803.0 | ||
| 008 | 220712 2022 xo e f slo d | ||
| 020 |
_a9788081974311 _q(viazané) |
||
| 040 |
_aDSZK _bslo _cDSZK _erda |
||
| 041 | 0 | _aslo | |
| 044 |
_axo _cSK |
||
| 072 | 7 |
_a821.162.4-3 _xSlovenská próza _2konspekt |
|
| 080 |
_a821.162.4-31 _22011 |
||
| 100 | 1 |
_aWenzlová Švábeková, Zdenka, _d1954- _4aut _93666 |
|
| 245 | 1 | 0 |
_aNahota psyché _cZdenka Wenzlová Švábeková, korektúra Julien Dan |
| 250 | _aVydanie prvé | ||
| 264 | 1 |
_aLiptovský Mikuláš _bElist _c2022 |
|
| 300 |
_a335 strán _c21 cm |
||
| 336 |
_atext _btxt _2rdacontent |
||
| 337 |
_abez média _bn _2rdamedia |
||
| 338 |
_azväzok _bnc _2rdacarrier |
||
| 650 | 0 | 7 |
_aslovenská próza _2SNKPH _93667 |
| 655 | 7 |
_aslovenské romány _2SNKPH _91694 |
|
| 700 | 1 |
_aDan, Julien _4pfr _93668 |
|